| 000 | 01094cad a22001935a 4500 | ||
|---|---|---|---|
| 001 | L154696 | ||
| 008 | 120113s2012 xxkd f s f000 0 eng d | ||
| 035 | _a(Sirsi) u154696 | ||
| 041 | 0 | _aeng | |
| 110 | 1 |
_aUnited Kingdom _bOffice of National Statistics _92035 |
|
| 245 | 0 | 0 |
_aOutput in the construction industry _bNovember 2011 _h[electronic resource] |
| 260 |
_a[S.l.] _bONS _c2012 |
||
| 520 | _aConstruction output is a monthly series of the output of the construction industry in both the private and public sectors. In the months before the quarter month, current and constant price not seasonally adjusted data by sector are published. On the quarter months, additional constant price seasonally adjusted index data and value data by sector are published. On the months after the quarter, additional current price data by type of work and region are published. | ||
| 590 | _aKA | ||
| 651 | 4 |
_aGreat Britain _y1707- |
|
| 690 |
_aConstruction management _96230 |
||
| 856 | 4 | 0 |
_uhttps://www.ons.gov.uk/ons/dcp171780_251442.pdf _zView the release free of charge at www.ons.gov.uk |
| 942 | _n0 | ||
| 999 |
_c113111 _d113111 |
||